000 00490nam a2200169 a 4500
001 000044002
005 20201002045103.0
008 140513s1970 sp 000 f spa d
040 _aDO-SdBNP
_bspa
_cBNPHU
082 _axxxx
_bxxx
100 1 _aRiera de Leyva, J. M.
_971965
245 1 0 _aEn otro país /
_cJosé Ma. Riera de Leyva.
260 _aBarcelona :
_bTusquets,
_c1970.
300 _a116 p. ;
_c18 cm.
490 1 _aCuadernos infimos
_v13
830 0 _aCuadernos infimos ;
_n13
_971966
999 _c43491
_d43491